| 000 | 00428nam a22001577a 4500 | ||
|---|---|---|---|
| 020 | _a9780470682685 | ||
| 040 | _cNust | ||
| 082 |
_a621.3191 _bELE |
||
| 100 |
_aB,M Weedy _9124391 |
||
| 110 |
_aB.J Cory, N.Jenkins, J.B Ekanayake, G Strbac _9124392 |
||
| 245 | _aElectric Power System | ||
| 250 | _a5th Edition | ||
| 260 |
_aUK: _bJohn Wiley & Sons Inc, _c2012. |
||
| 650 |
_aElectric Power System _9124393 |
||
| 942 |
_2ddc _cBK |
||
| 999 |
_c610266 _d610266 |
||